Eye colours - Statistics

General Stats
  • This quiz has been taken 126 times
  • The average score is 5 of 7
Answer Stats
Hint Answer % Correct
8-10% Blue
99%
79% Brown
98%
2% Green
95%
5% Hazel
82%
Very, Very , Very rare Red/ Violet
79%
5% Amber
35%
less than 1% Silver
15%
No matching quizzes found
Score Distribution
Percent of People with Each Score
Percentile by Number Answered
Your Score History
You have not taken this quiz